000 00832nam a2200301 a 4500
003 AR-BaBNM
005 20251128203515.0
008 082120s2002 ||||||||||||||000 | spa||
040 _cAR-BaBNM
100 1 _aBorne, Etienne
245 0 0 _aEl trabajo y el hombre
260 _aBuenos Aires
_bDesclée de Brouwer
_c1945
300 _a190 p.
500 _aContiene referencias bibliográficas en notas a pie de página
650 4 _aTRABAJO
650 4 _aDOCTRINAS RELIGIOSAS
650 4 _aCRISTIANISMO
650 4 _aRECURSOS HUMANOS
650 4 _aFACTORES DE PRODUCCION
650 4 _aPRODUCTIVIDAD DEL TRABAJO
650 4 _aRELACIONES LABORALES
650 4 _aSALARIOS
650 4 _aECONOMIA DEL TRABAJO
700 1 _aHenry, François
700 1 _aGuruchani, Antonio
_etraductor
942 _cBK
998 _csilvi
999 _c3689
_d3689